Plynárenský slovník = Plinarski riječnik = Słownik gazowniczy = Vocabulaire de l´industrie du gaz = The gas industry vocabulary = Wörterbuch der Gasindustrie

Saved in:
Bibliographic Details
Main Author Dolenský, Evžen, 1879-1947 (Author)
Format Book
LanguageCzech
English
French
German
Polish
Russian
Published Praha : Plynárenské, vodárenské a zdravotně-technické sdružení, 1939
Subjects
Physical Description384 s. ; 22 cm

Cover

LEADER 00000cam a2200000 a 4500
001 58146
003 CZ-ZlUTB
005 20240829143458.0
007 ta
008 060221s1939 xr e d 000 0 cze
040 |a ABA007  |d ZLD002 
041 0 |a cze  |a eng  |a fre  |a ger  |a pol  |a rus 
072 7 |a 662  |x Výbušniny. Paliva  |2 Konspekt  |9 19 
072 7 |a 81  |x Lingvistika. Jazyky  |2 Konspekt  |9 11 
080 |a 662.76  |2 MRF 
080 |a 81’373.46  |2 MRF 
080 |a 811.162.3  |2 MRF 
080 |a 811.111  |2 MRF 
080 |a 811.133.1  |2 MRF 
080 |a 811.112.2  |2 MRF 
080 |a 811.161.1  |2 MRF 
080 |a 811.162.1  |2 MRF 
080 |a (038)81  |2 MRF 
100 1 |a Dolenský, Evžen,  |d 1879-1947  |7 jk01022591  |4 aut 
245 1 0 |a Plynárenský slovník =  |b Plinarski riječnik = Słownik gazowniczy = Vocabulaire de l´industrie du gaz = The gas industry vocabulary = Wörterbuch der Gasindustrie /  |c Evžen Dolenský 
246 3 3 |a Šestijazyčný plynárenský slovník 
246 3 1 |a Plinarski riječnik 
246 3 1 |a Słownik gazowniczy 
246 3 1 |a Vocabulaire de l´industrie du gaz 
246 3 1 |a Gas industry vocabulary 
246 3 1 |a Wörterbuch der Gasindustrie 
260 |a Praha :  |b Plynárenské, vodárenské a zdravotně-technické sdružení,  |c 1939 
300 |a 384 s. ;  |c 22 cm 
500 |a Obsahuje rejstříky 
650 0 7 |a plynárenství  |7 ph124136  |2 czenas 
650 0 7 |a oborová terminologie  |7 ph138998  |2 czenas 
650 0 7 |a čeština  |7 ph135292  |2 czenas 
650 0 7 |a angličtina  |7 ph114056  |2 czenas 
650 0 7 |a francouzština  |7 ph135297  |2 czenas 
650 0 7 |a němčina  |7 ph115512  |2 czenas 
650 0 7 |a polština  |7 ph124318  |2 czenas 
650 0 7 |a ruština  |7 ph125351  |2 czenas 
650 0 9 |a gas industry  |2 eczenas 
650 0 9 |a terminology (professional)  |2 eczenas 
650 0 9 |a Czech language  |2 eczenas 
650 0 9 |a English language  |2 eczenas 
650 0 9 |a French language  |2 eczenas 
650 0 9 |a German language  |2 eczenas 
650 0 9 |a Polish language  |2 eczenas 
650 0 9 |a Russian language  |2 eczenas 
655 7 |a vícejazyčné překladové slovníky  |7 fd133852  |2 czenas 
655 9 |a polyglot translation dictionaries  |2 eczenas 
910 |a ZLD002 
952 |0 0  |1 0  |4 0  |6 662DOLENSKÝE  |7 0  |8 BOOK  |9 106826  |a UTBZL  |b UTBZL  |c 030  |d 2010-11-19  |l 0  |o 662/DOLENSKÝ,E.  |p 420010135006  |r 2019-08-26 00:00:00  |v 27.00  |w 2019-08-26  |x N: převod SPUR;  |y 05 
990 |a SPUR 
992 |a BK  |b SK  |c SPUR 
998 |a 002800113 
999 |c 58146  |d 58146